000 00532nam a22001697a 4500
999 _c9114
_d9114
008 210323b ||||| |||| 00| 0 eng d
040 _aBMS College of Architecture
100 _aKrishna, G Vamsi
245 _aGreen conarbation of luxury - Five star Hotel
300 _a117p.
500 _a1BM06AT047
502 _8B.Arch
_NBMS College of Architecture, Visvesvaraya Technological University
_aProject report
_d2011
650 _aHotel
700 _aSindhu Srikanth
_eGuide
700 _aK R Madhu Chand
_eGuide
942 _2ddc
_cTHE